000 02670nam2a22003611 4500
001 rc\3503981
005 20250610040046.0
021 _aRU
_b94-3336
035 _a(NLR Aleph) 007677267
090 _a6499481
_c6499481
100 _a20130115d1993 |||y0rusy50 ca
101 0 _arus
102 _aRU
105 _aa z |||||
200 1 _aМетодология оценки состояния и картографирования экосистем в экстремальных условиях
_f[Е.А. Востокова, П.Д. Гунин, Х. Буян-Орших и др.
_gОтв. ред.: П.Д. Гунин, Е.А. Востокова]
_g[Редкол.: В.Е. Соколов, О. Шагдарсурэн (гл. ред.) и др.
_gРос. акад. наук, АН Монголии, Совмест. сов.-монг. комплекс. биол. экспедиция]
210 _aПущино
_cПНЦ РАН
_d1993
215 _a202 с.
_cил.
_d20
300 _aНа обл. только част. загл. тома.
300 _aРез. на англ. яз.
300 _aПарал. загл. на монг. яз.
320 _aБиблиогр.: с. 198-202
461 0 _1001rc\3503945
_12001#$aБиологические ресурсы и природные условия Монгольской Народной Республики$dБугд найрамдах Монгол ард улсын байгалийн баялаг$e[Сборник статей$fРед. коллегия: Е.М. Лавренко (гл. ред.) и др.]$g[АН СССР. Зоол. ин-т. АН МНР. Ин-т биологии. Совместная Сов.-Монг. комплексная биол. экспедиция]$vТ. 38
_96499110
_cЛенинград
_d1972-
_fРед. коллегия: Е.М. Лавренко (гл. ред.) и др.]
_lБугд найрамдах Монгол ард улсын байгалийн баялаг
_nНаука. Ленингр. отд-ние
_o[Сборник статей
_tБиологические ресурсы и природные условия Монгольской Народной Республики
_y5020265993
_vТ. 38
701 1 _6z02790
_aБуян-Орших
_bХ.
701 1 _aВостокова
_bЕ.А.
_gЕлизавета Алексеевна
701 1 _aГунин
_bП.Д.
_gПетр Дмитриевич
702 1 _aШагдарсурэн
_bО.
_gОсорын
_4340
702 1 _aСоколов
_bВ.Е.
_gВладимир Евгеньевич
_4340
790 1 _6z02701
_aОрших
_bХ.
801 0 _aRU
_bNLR
_gpsbo
801 1 _aRU
_bELAR
_2rusmarc
852 _aNLR
_j72-7/635
942 _cBOOK
980 _aNB